|
|
|
|
| LEADER |
00000nab a2200000 ar4500 |
| 001 |
vtls008944081 |
| 003 |
SK-MaSNL |
| 005 |
20260303070930.0 |
| 008 |
070208c2006 xo mr|p|||||||000 b|slo |
| 015 |
|
|
|a SNBRB2007/02
|2 snkbucl
|
| 038 |
|
|
|a SNKBUCL
|
| 040 |
|
|
|a SNKBUCL
|b slo
|c SNKBUCL
|e AACR2
|
| 041 |
0 |
|
|a slo
|
| 044 |
|
|
|a xo
|c SK
|
| 080 |
|
|
|a 94(100)
|x 1914/1918"
|2 1997
|
| 080 |
|
|
|a 94(4)
|x 1914/1918"
|2 1997
|
| 080 |
|
|
|a 341.382
|x "1920"
|2 1997
|
| 080 |
|
|
|a 94(439.2)
|x "1920"
|2 1997
|
| 080 |
|
|
|a 94(439)
|x "19"
|2 1997
|
| 100 |
1 |
|
|a Zemko, Milan,
|d 1944-2013
|4 aut
|9 103920
|
| 245 |
1 |
0 |
|a Trianon z druhej strany Dunaja
|c Milan Zemko
|
| 600 |
1 |
7 |
|a Romsics, Ignác,
|d 1951-.
|t Trianonská mierová zmluva
|2 snkbucl
|9 98277
|
| 648 |
|
7 |
|a 1920
|2 snkbucl
|9 288264
|
| 650 |
0 |
7 |
|a Treaty of Peace between the Allied and Associated Powers and Hungary (1920 jún 4.)
|2 snkbucl
|9 357996
|
| 651 |
|
7 |
|a Uhorsko
|x dejiny
|2 snkbucl
|9 56334
|
| 651 |
|
7 |
|a Maďarsko
|x dejiny
|2 snkbucl
|9 18630
|
| 773 |
0 |
|
|t Knihy a spoločnosť
|g Tretí ročník, č. 11 (2006), s. 5
|x 1336-5584
|
| 852 |
|
|
|a SNK
|b KIS3GCP
|
| 958 |
|
|
|a HU
|
| 999 |
|
|
|c 1757584
|d 1759514
|